000 00803nam a2200241 i 4500
003 DO-SdBNP
005 20230914090759.0
007 ta
008 230623b1985 dr a|||| |||| 00| 0 spa d
040 _aDO-SdBNP
_bspa
_cBNPHU
_erda
082 4 _222
100 _937120
_aMolina, Cristina
_eautora
245 1 0 _aAmanecer :
_bmanual de aprestamiento para la educación intelectual del niño /
_cCristina Molina
264 1 _aSanto Domingo :
_bColegial Quisqueya,
_c1985.
300 _a36 / 163 páginas :
_bilustraciones ;
_c20 cm. / 25 cm.
336 _2rdacontent
_atexto
_btxt
337 _2rdamedia
_asin mediación
_bn
338 _2rdacarrier
_avolumen
_bnc
500 _aLa biblioteca posee la guía y el libro de texto.
590 _aInventariado, 2023/BT
910 _aBtavárez
942 _2ddc
_cLFPD
999 _c53937
_d53937